| 000 | 00422nam a22001457a 4500 | ||
|---|---|---|---|
| 005 | 20251108171223.0 | ||
| 008 | 250721s9999 xx 000 0 ara d | ||
| 082 | 1 | 4 | _a925/جال |
| 245 | 1 | 0 | _aمنظار جاليليو / |
| 264 | 1 |
_aبيروت : _bدار الشرق العربي، _c[19-]. |
|
| 490 | 0 | _aسلسلة العلماء و المخترعين | |
| 650 | 1 | 7 | _aالتراجم |
| 942 |
_2ddc _cBK |
||
| 999 |
_c59665 _d59665 |
||